The trial

Bibliographic Details
Main Author: NORHILDA Badrul
Format: Book
Published: Petaling Jaya : Longman , 1993
Series:Hibiscus series

MARC

LEADER 00000cam a2200000 7i4500
001 0000001582
002 000001729
005 20000330.0
020 |a 9837401195 
090 0 0 |a JF   |b NOR 
100 0 |a NORHILDA Badrul 
245 1 4 |a The trial   |c Norhilda Badrul 
260 |a Petaling Jaya :   |b Longman ,   |c 1993 
300 |a 22p. :   |b ill ;   |c 24cm. 
490 0 |a Hibiscus series 
999 |a 034223   |b BUKU   |c JUNIOR FICTION   |e PERPUSTAKAAN KOMUNITI PETALING JAYA